| 000 | 01000nam a22002777a 4500 | ||
|---|---|---|---|
| 001 | 9899 | ||
| 003 | FISKH | ||
| 005 | 20260312145753.0 | ||
| 008 | 260312b cb ||||| |||| 00| 0 eng d | ||
| 040 |
_aFISKH _beng _cFISKH _dFISKH |
||
| 050 | _aPZ7 | ||
| 082 | _a823.92 | ||
| 100 |
_aShoshan, Beth _eAuthor |
||
| 245 |
_aMess monster in the garden / _cBeth Shoshan ; illustrated by Piers Harper |
||
| 260 |
_aLondon : _bMeadowside Children's Books , _c2005 |
||
| 300 |
_a24 unnumbered pages : _bcolor illustrations ; _c16 cm |
||
| 505 | _aG | ||
| 520 | _aThe muck is flying as the mischievous monsters move outside. What will they get up to this time? Or will Mummy win again...? More manic monster mayhem from the creators of the Mess Monsters. | ||
| 521 | 8 |
_a350
_bLexile estimate |
|
| 521 | 8 |
_aG
_bRaz-Plus |
|
| 650 |
_aPicture books _vMonsters |
||
| 650 |
_aHumor _vMess and cleanliness |
||
| 700 |
_aHarper, Piers _eIllustrator |
||
| 942 |
_2ddc _cBK _n0 |
||
| 999 |
_c9899 _d9899 |
||